Ochrana vkladov Príloha
Rozdiel medzi anonymnými a neanonymnými vkladovými listami. Vkladové listy, ktorých sa týka zákon č.118/1996 Z.z. o ochrane vkladov. Výhody vyplývajúce z vkladového listu znejúceho na meno.
Salvato in:
| Natura: | Capitolo di libro |
|---|---|
| Lingua: | slovacco |
| Soggetti: | |
| Tags: |
Nessun Tag, puoi essere il primo ad aggiungerne!!
|
MARC
| LEADER | 00000naa a2200000 4500 | ||
|---|---|---|---|
| 001 | r021474 | ||
| 005 | 20251104123818.3 | ||
| 041 | 0 | |a slo | |
| 044 | |a SK | ||
| 245 | 1 | 0 | |a Ochrana vkladov |b Príloha |
| 520 | |a Rozdiel medzi anonymnými a neanonymnými vkladovými listami. Vkladové listy, ktorých sa týka zákon č.118/1996 Z.z. o ochrane vkladov. Výhody vyplývajúce z vkladového listu znejúceho na meno. | ||
| 610 | 2 | 0 | |a burzovníctvo |
| 610 | 2 | 0 | |a listy vkladové |
| 610 | 2 | 0 | |a zákony |
| 610 | 2 | 0 | |a Slovensko |
| 610 | 2 | 0 | |a ochrana vkladov |